Films étrangers les plus vus en France - Statistiques

Statistiques générales
  • Ce quiz a été pris 244 fois
  • Le résultat moyen est 4 sur 10
Statistiques - réponses
Année de sortie Réalisateur Nombre d'entrées (millions) Film % Correct
1997 James Cameron 21,8 Titanic
93%
2009 James Cameron 14,8 Avatar
86%
1938 David Hand (Disney) 18,3 Blanche-Neige et les Sept Nains
78%
1969 Sergio Leone 14,9 Il était une fois dans l'Ouest
36%
1968 Wolfgang Reitherman (Disney) 14,7 Le Livre de la Jungle
25%
1950 Victor Fleming 16,7 Autant en emporte le vent
24%
1956 Cecil B. DeMille 14,2 Les Dix Commandements
19%
1960 William Wyler 13,8 Ben-Hur
18%
1961 Clyde Geronimi (Disney) 14,7 Les 101 Dalmatiens
17%
1957 David Lean 13,5 Le Pont de la rivière Kwaï
10%
Aucun quiz correspondant
Distribution des résultats
% des personnes avec chaque résultat
Percentile par nombre de réponses
Votre historique - résultats
Vous n’avez pas pris ce quiz